000 00700cam a2200241 4500500
005 20260329003210.0
041 _afre
042 _adc
100 1 0 _aLequin, Mathilde
_eauthor
245 0 0 _aLa Boétie et la servitude volontaire
260 _c2015.
500 _a61
690 _aFrédéric Gros
690 _aLa Boétie
690 _aMiguel Benasayag
690 _aMontaigne
690 _aObéissance
690 _aPolitique
690 _aServitude volontaire
690 _aTyrannie
786 0 _nPhilosophie magazine | 86 | 2 | 2015-02-01 | p. 56-56 | 1951-1787
856 4 1 _uhttps://shs.cairn.info/magazine-philosophie-magazine-2015-2-page-56?lang=fr&redirect-ssocas=7080
999 _c1822305
_d1822305